书目信息 |
| 题名: |
带温带压堵漏工:初级
|
|
| 作者: | 人力资源和社火保障部教材办公室 组织编写 | |
| 分册: | ||
| 出版信息: | 北京 中国劳动出版社 2016 |
|
| 页数: | 186页 | |
| 开本: | 26cm | |
| 丛书名: | ||
| 单 册: | ||
| 中图分类: | TB42 | |
| 科图分类: | ||
| 主题词: | 密封--技术 | |
| 电子资源: | ||
| ISBN: | 978-7-5045-9980-3 | |
| 000 | 00733nam0 2200193 450 | |
| 001 | 966 | |
| 005 | 20160912083608.04 | |
| 010 | @a978-7-5045-9980-3@b平装@dCNY24.00 | |
| 100 | @a20160725d2016 km y0chiy0120 ea | |
| 101 | 0 | @achi |
| 102 | @aCN@b110000 | |
| 200 | 1 | @a带温带压堵漏工:初级@Adai wen dai ya du lou gong:chu ji@f人力资源和社火保障部教材办公室组织编写@Fren li zi yuan he she huo bao zhang bu jiao cai ban gong shi zu zhi bian xie |
| 210 | @a北京@c中国劳动出版社@d2016 | |
| 215 | @a186页@d26cm | |
| 606 | 0 | @a密封@x技术 |
| 690 | @aTB42@v4 | |
| 701 | 0 | @a人力资源和社火保障部教材办公室@Aren li zi yuan he she huo bao zhang bu jiao cai ban gong shi@4组织编写 |
| 801 | 0 | @aCN@b唐山师范学院图书馆@c20151002 |
| 905 | @aZUCC@dTB42@e261 | |
| 带温带压堵漏工:初级/人力资源和社火保障部教材办公室组织编写.-北京:中国劳动出版社,2016 |
| 186页;26cm |
| ISBN 978-7-5045-9980-3(平装):CNY24.00 |
| ● |
| 相关链接 |
|
|
|
|
正题名:带温带压堵漏工:初级
索取号:TB42/261
 
预约/预借
| 序号 | 登录号 | 条形码 | 馆藏地/架位号 | 状态 | 备注 |
| 1 | 904138 | 209041384 | 第二样本阅览室/ [索取号:TB42/261] | 在馆 | |
| 2 | 904139 | 209041393 | 第三借阅区/ [索取号:TB42/261] | 在馆 | |
| 3 | 904140 | 209041400 | 第三借阅区/ [索取号:TB42/261] | 在馆 | |
| 4 | 904141 | 209041419 | 第三借阅区/ [索取号:TB42/261] | 在馆 | |
| 5 | 904142 | 209041428 | 第三借阅区/ [索取号:TB42/261] | 在馆 |